000 00627nam a2200217 a 4500
001 795
003 BR-CuiBMT
005 20231128000213.0
008 231107b2015 dfb 001 0 por d
040 _aBR-CuiBMT
_cBR-CuiBMT
080 _22007
_a347
_x(81)
_x(094.5)
090 _a347(81)(094.5)
_bB823c
110 2 _aBrasil
240 1 0 _a[Código civil]
245 0 0 _aCódigo civil brasileiro :
_be normas correlatas /
_cSenado Federal.
260 _aBrasília :
_bSenado Federal,
_c2015.
300 _a446 p. ;
_c26 cm
650 _aCódigo civil
_zBrasil
650 _aDireito civil
_xJurisprudência
_zBrasil
942 _2udc
_cLV
999 _c795
_d795